Statistics for Rooster Teeth Superquiz

Click here to take the quiz!

General Stats

  • This quiz has been taken 43 times
  • The average score is 51 of 65

Answer Stats

Answer % Correct
Matt Bragg
100%
Michael "Burnie" Burns
100%
Matt Hullum
100%
Geoff Ramsey
97%
Michael Jones
97%
Ray Narvaez Jr
94%
Lindsey Jones
94%
Barbara Dunkelman
94%
Gavin Free
94%
Joel Heyman
94%
Ryan Haywood
94%
Jack Pattillo
94%
Lazer Team
92%
Nutt
92%
April 1, 2003
92%
Jeremy Dooley
92%
Gustavo Sorola
89%
Red vs. Blue
89%
Rage Quit
89%
RTX
86%
Chris Demarais
86%
Blaine Gibson
86%
Team Nice Dynamite
86%
BM Vagabond
86%
GavinoFree
86%
Extra Life
86%
Play Pals
83%
Let's Play Minecraft
83%
Ten Little Roosters
83%
The RT Podcast
83%
RWBY
83%
February 1, 2015
83%
On The Spot
83%
Ashley Jenkins
81%
Adam Ellis
81%
Aaron Marquis
81%
Kerry Shawcross
81%
Adam Baird
81%
Immersion
81%
Adam Kovic
81%
Achievement City
78%
Million Dollars But...
78%
James Willems
78%
Elyse Willems
78%
Let's Play GTA V
78%
Air
78%
Jordan Cwierz
75%
Miles Luna
75%
Day 5
75%
Bruce Greene
72%
JackP
72%
MJones
72%
Jon Risinger
72%
JDoolz
69%
DGGeoff
67%
Lawrence Sonntag
61%
Jason SaldaƱa
56%
Fullscreen
56%
Matt Peake
53%
Josh Flanagan
47%
Kathleen Zuelch
47%
Mogar
39%
Shannon McCormick
36%
Brandon Farmahini
33%
Dan Godwin
22%

Score Distribution

Percentile by Number Answered

Percent of People with Each Score

Your Score History

You have not taken this quiz